Statistics for Where did I act? #2

Click here to take the quiz!

General Stats

  • This quiz has been taken 14 times
  • The average score is 58 of 68

Answer Stats

QuestionTileSelect% Correct
Seth RogenApocalypse NowNo
100%
Jim CarreyBad SantaNo
100%
Seth RogenBlack Snake MoanNo
100%
Jim CarreyBrokeback MountainNo
100%
Mike MyersCatch-22No
100%
Donald SutherlandChitty Chitty Bang BangNo
100%
Mike MyersDuane HopwoodNo
100%
Leslie NielsenFlight 7500No
100%
Seth RogenGet OutNo
100%
Dan AykroydGhostNo
100%
Dan AykroydGhost RiderNo
100%
Seth RogenGreaseNo
100%
Jim CarreyGuardians of the GalaxyNo
100%
Jim CarreyJokerNo
100%
Mike MyersJurassic WorldNo
100%
Jim CarreyLassieNo
100%
Leslie NielsenLethal WeaponNo
100%
Leslie NielsenPlanet of the ApesNo
100%
Mike MyersPower RangersNo
100%
Jim CarreyRare ExportsNo
100%
Mike MyersRhapsody in BlueNo
100%
Dan AykroydSome Like It HotNo
100%
Leslie NielsenSpanking the MonkeyNo
100%
Mike MyersStar TrekNo
100%
Dan AykroydSugar & SpiceNo
100%
Dan AykroydThe Blue LagoonNo
100%
Mike MyersThe Bohemian GirlNo
100%
Jim CarreyThe Dark KnightNo
100%
Leslie NielsenThe FugitiveNo
100%
Jim CarreyThe Imitation GameNo
100%
Leslie NielsenTop GunNo
100%
Jim CarreyAce Ventura: Pet DetectiveYes
92%
Leslie NielsenAirplane!Yes
92%
Mike MyersAustin PowersYes
92%
Dan AykroydGhost BustersYes
92%
Jim CarreyHow the Grinch Stole ChristmasYes
92%
Donald SutherlandLook Who's TalkingNo
92%
Dan AykroydRed DragonNo
92%
Dan AykroydThe Blues BrothersYes
92%
Donald SutherlandThe Hunger Games: Catching FireYes
92%
Leslie NielsenThe Naked GunYes
92%
Donald SutherlandThe TouristNo
92%
Jim CarreyThe Truman ShowYes
92%
Dan AykroydUsNo
92%
Mike MyersWayne's WorldYes
92%
Dan AykroydDragnetYes
83%
Donald SutherlandFirestarterNo
83%
Donald SutherlandMASHYes
83%
Seth RogenSausage PartyYes
83%
Mike MyersShrekYes
83%
Dan AykroydSpies Like UsYes
83%
Seth RogenSuperbadYes
83%
Jim CarreyThe MaskYes
83%
Leslie NielsenThe Spy Who Loved MeNo
83%
Jim CarreyBatman ForeverYes
75%
Dan AykroydSneakersYes
75%
Mike Myers54Yes
67%
Jim CarreyThe Number 23Yes
67%
Jim CarreyKick-Ass 2Yes
50%
Leslie NielsenSpy HardYes
50%
Mike MyersBohemian RhapsodyYes
33%
Leslie NielsenForbidden PlanetYes
33%
Jim CarreyI Love You Phillip MorrisYes
33%
Seth RogenLong ShotYes
33%
Donald SutherlandThe Italian JobYes
33%
Leslie NielsenWrongfully AccusedYes
33%
Donald SutherlandDon't Look NowYes
25%
Seth RogenTake This WaltzYes
8%

Score Distribution

Percentile by Number Answered

Percent of People with Each Score

Your Score History

You have not taken this quiz